Normal view
MARC view
- Portugal, Pearly Jamaica C.
Entry Personal Name
001 - CONTROL NUMBER
- control field: 1844
003 - CONTROL NUMBER IDENTIFIER
- control field: URS
005 - DATE AND TIME OF LATEST TRANSACTION
- control field: 20220627112655.0
008 - FIXED-LENGTH DATA ELEMENTS
- fixed length control field: 220627|| aca||aabn | a|a d
040 ## - CATALOGING SOURCE
- Original cataloging agency: URS
100 ## - HEADING--PERSONAL NAME
- Personal name: Portugal, Pearly Jamaica C.
- Relator term: author